Central Library OPAC University of Rajshahi

রোদে যাবো / (Record no. 47964)

MARC details
000 -LEADER
fixed length control field 00784nam a2200229 a 4500
001 - CONTROL NUMBER
control field 47964
003 - CONTROL NUMBER IDENTIFIER
rucl marc code BD-RjUL
005 - DATE AND TIME OF LATEST TRANSACTION
control field 20211209054430.0
008 - FIXED-LENGTH DATA ELEMENTS--GENERAL INFORMATION
fixed length control field 160811s1995 bg ||||| |||| 00| f ben d
020 ## - INTERNATIONAL STANDARD BOOK NUMBER
International Standard Book Number 9845600166
Terms of availability : Tk. 50.00
035 ## - SYSTEM CONTROL NUMBER
System control number (BD-RjUL)48083
040 ## - CATALOGING SOURCE
Original cataloging agency BD-RjUL
Language of cataloging ben
Transcribing agency BD-RjUL
041 ## - LANGUAGE CODE
Language code of text/sound track or separate title ben
082 ## - DEWEY DECIMAL CLASSIFICATION NUMBER
Edition number 23
Classification number 891.443
Author mark and year HAR 1995
100 ## - MAIN ENTRY--PERSONAL NAME
Personal name হক, হাসান আজিজুল
9 (RLIN) 145525
245 10 - TITLE STATEMENT
Title রোদে যাবো /
Statement of responsibility, etc. হাসান আজিজুল হক
260 ## - PUBLICATION, DISTRIBUTION, ETC. (IMPRINT)
Place of publication, distribution, etc. ঢাকা :
Name of publisher, distributor, etc. জাতীয়গ্রন্থ প্রকাশন,
Date of publication, distribution, etc. ১৯৯৫
300 ## - PHYSICAL DESCRIPTION
Pagination ৭৯ পৃ. ;
Size ২১ সেমি.
650 ## - SUBJECT ADDED ENTRY--TOPICAL TERM
Topical term or geographic name as entry element বাংলা উপন্যাস
9 (RLIN) 145526
Topical term or geographic name as entry element Bengali Fiction
9 (RLIN) 145527
942 ## - ADDED ENTRY ELEMENTS (KOHA)
Source of classification or shelving scheme Dewey Decimal Classification
Koha item type Books
Holdings
Lost status Source of classification or shelving scheme Damaged status Not for loan Collection code Permanent Location Current Location Shelving location Date acquired Source of acquisition Cost, normal purchase price Total Checkouts Full call number Date last seen Copy number Koha item type
  Dewey Decimal Classification     Fiction Central Library, University of Rajshahi Central Library, University of Rajshahi   04/10/2000 Hasan Ajijul Haque 50.00   B 891.443 HAR 1995 11/08/2016 C-2 Books
  Dewey Decimal Classification     Fiction Central Library, University of Rajshahi Central Library, University of Rajshahi   04/10/2000 Hasan Ajijul Haque 50.00   B 891.443 HAR 1995 11/08/2016 C-3 Books
  Dewey Decimal Classification     Fiction Central Library, University of Rajshahi Central Library, University of Rajshahi   04/10/2000 Hasan Ajijul Haque 50.00   B 891.443 HAR 1995 11/08/2016 C-4 Books
  Dewey Decimal Classification     Fiction Central Library, University of Rajshahi Central Library, University of Rajshahi   04/10/2000 Hasan Ajijul Haque 50.00   B 891.443 HAR 1995 11/08/2016 C-5 Books
  Dewey Decimal Classification     Fiction Central Library, University of Rajshahi Central Library, University of Rajshahi   04/10/2000 Hasan Ajijul Haque 50.00   B 891.443 HAR 1995 11/08/2016 C-6 Books
  Dewey Decimal Classification     Fiction Central Library, University of Rajshahi Central Library, University of Rajshahi   04/10/2000 Hasan Ajijul Haque 50.00   B 891.443 HAR 1995 11/08/2016 C-7 Books
  Dewey Decimal Classification     Fiction Central Library, University of Rajshahi Central Library, University of Rajshahi   04/10/2000 Hasan Ajijul Haque 50.00   B 891.443 HAR 1995 11/08/2016 C-8 Books
  Dewey Decimal Classification     Fiction Central Library, University of Rajshahi Central Library, University of Rajshahi   04/10/2000 Hasan Ajijul Haque 50.00   B 891.443 HAR 1995 11/08/2016 C-9 Books
  Dewey Decimal Classification     Fiction Central Library, University of Rajshahi Central Library, University of Rajshahi   04/10/2000 Hasan Ajijul Haque 50.00   B 891.443 HAR 1995 11/08/2016 C-10 Books
  Dewey Decimal Classification   Not For Loan Fiction Central Library, University of Rajshahi Central Library, University of Rajshahi Reading Room 04/10/2000 Hasan Azizul Haque     B 891.443 HAR 1995 28/03/2021 C-1 Books